Normal view
MARC view
- Mark Minasi
Entry Personal Name
001 - CONTROL NUMBER
- control field: 127493
003 - CONTROL NUMBER IDENTIFIER
- control field: NUST
005 - DATE AND TIME OF LATEST TRANSACTION
- control field: 20250113110731.0
008 - FIXED-LENGTH DATA ELEMENTS
- fixed length control field: 250113|| aca||aabn | a|a d
040 ## - CATALOGING SOURCE
- Original cataloging agency: NUST
- Transcribing agency: NUST
100 ## - HEADING--PERSONAL NAME
- Personal name: Mark Minasi
670 ## - SOURCE DATA FOUND
- Source citation: Work cat.: (NUST): Mark Minasi, The complete PC Upgrade and maintenance guide , 1996.
